| 000 -LEADER |
| fixed length control field |
00689nam a22002297a 4500 |
| 001 - CONTROL NUMBER |
| control field |
15376 |
| 003 - CONTROL NUMBER IDENTIFIER |
| control field |
BD-DhUAP |
| 005 - DATE AND TIME OF LATEST TRANSACTION |
| control field |
20200202112842.0 |
| 008 - FIXED-LENGTH DATA ELEMENTS--GENERAL INFORMATION |
| fixed length control field |
200202r20081959ii ||||| |||| 001 0 eng d |
| 020 ## - INTERNATIONAL STANDARD BOOK NUMBER |
| International Standard Book Number |
9788175347120 |
| 040 ## - CATALOGING SOURCE |
| Original cataloging agency |
BD-DhUAP |
| Language of cataloging |
Eng |
| Transcribing agency |
BD-DhUAP |
| Modifying agency |
BD-DhUAP |
| 082 ## - DEWEY DECIMAL CLASSIFICATION NUMBER |
| Edition number |
23 |
| Classification number |
347.90942 MAR |
| 100 ## - MAIN ENTRY--PERSONAL NAME |
| Personal name |
Marshall, H. H. |
| 245 ## - TITLE STATEMENT |
| Title |
Natural justice / |
| Statement of responsibility, etc. |
H. H. Marshall. |
| 260 ## - PUBLICATION, DISTRIBUTION, ETC. |
| Place of publication, distribution, etc. |
New Delhi : |
| Name of publisher, distributor, etc. |
Universal Law Pub., |
| Date of publication, distribution, etc. |
1959 [Reprinted 2008]. |
| 300 ## - PHYSICAL DESCRIPTION |
| Extent |
xxiii, 201 pages ; |
| Dimensions |
23 cm. |
| 500 ## - GENERAL NOTE |
| General note |
Includes index. |
| 650 ## - SUBJECT ADDED ENTRY--TOPICAL TERM |
| Topical term or geographic name entry element |
Due process of law |
| Geographic subdivision |
Great Britain. |
| 650 ## - SUBJECT ADDED ENTRY--TOPICAL TERM |
| Topical term or geographic name entry element |
Natural law. |
| 650 ## - SUBJECT ADDED ENTRY--TOPICAL TERM |
| Topical term or geographic name entry element |
Administrative procedure |
| Geographic subdivision |
Great Britain. |
| 942 ## - ADDED ENTRY ELEMENTS (KOHA) |
| Source of classification or shelving scheme |
|
| Koha item type |
Book |